Fr. Conceicao Rodrigues College of Engineering

Personal development for life and work (Record no. 28988)

MARC details
000 -LEADER
fixed length control field 00400nam a2200169Ia 4500
082 ## - DEWEY DECIMAL CLASSIFICATION NUMBER
Classification number 371.2
Item number MAS
100 ## - MAIN ENTRY--PERSONAL NAME
Personal name Masters/Ann L/ Wallace/H.R
250 ## - EDITION STATEMENT
Edition statement 10
245 ## - TITLE STATEMENT
Title Personal development for life and work
260 ## - PUBLICATION, DISTRIBUTION, ETC.
Name of publisher, distributor, etc. Cengage Learning
Date of publication, distribution, etc. 2011
366 ## - TRADE AVAILABILITY INFORMATION
Publishers's discount category 27
300 ## - PHYSICAL DESCRIPTION
Extent 462
546 ## - LANGUAGE NOTE
Language note ENGLISH
-- TTL
650 ## - SUBJECT ADDED ENTRY--TOPICAL TERM
Topical term or geographic name entry element Personal development
654 ## - SUBJECT ADDED ENTRY--FACETED TOPICAL TERMS
Focus term personal development
942 ## - ADDED ENTRY ELEMENTS (KOHA)
Koha item type BOOK
Holdings
Withdrawn status Lost status Damaged status Not for loan Collection Home library Current library Date acquired Source of acquisition Cost, normal purchase price Inventory number Total Checkouts Full call number Barcode Date last seen Cost, replacement price Price effective from Koha item type
        CRC Fr. Agnel's C.Rodrigues College of Engineering Fr. Agnel's C.Rodrigues College of Engineering 17/03/2023 Allied Publishers 328.50 824 dt 03/09/2014   371.2 MAS 23487 17/03/2023 450.00   BOOK
        CRC Fr. Agnel's C.Rodrigues College of Engineering Fr. Agnel's C.Rodrigues College of Engineering 17/03/2023 Allied Publishers 328.50 824 dt 03/09/2014   371.2 MAS 23488 17/03/2023 450.00   BOOK
        CRC Fr. Agnel's C.Rodrigues College of Engineering Fr. Agnel's C.Rodrigues College of Engineering 17/03/2023 Allied Publishers 328.50 824 dt 03/09/2014   371.2 MAS 23489 17/03/2023 450.00   BOOK
        CRC Fr. Agnel's C.Rodrigues College of Engineering Fr. Agnel's C.Rodrigues College of Engineering 17/03/2023 Allied Publishers 328.50 824 dt 03/09/2014   371.2 MAS 23490 17/03/2023 450.00   BOOK